header

Essentials in total knee arthroplasty / (Record no. 144356)

MARC details
000 -LEADER
fixed length control field 03458nam a2200385 i 4500
001 - CONTROL NUMBER
control field ebr10801897
003 - CONTROL NUMBER IDENTIFIER
control field CaPaEBR
006 - FIXED-LENGTH DATA ELEMENTS--ADDITIONAL MATERIAL CHARACTERISTICS--GENERAL INFORMATION
fixed length control field m o d
007 - PHYSICAL DESCRIPTION FIXED FIELD--GENERAL INFORMATION
fixed length control field cr cn|||||||||
008 - FIXED-LENGTH DATA ELEMENTS--GENERAL INFORMATION
fixed length control field 100604t20112011njua ob 000 0 eng|d
020 ## - INTERNATIONAL STANDARD BOOK NUMBER
Cancelled/invalid ISBN 9781556428517 (alk. paper)
Cancelled/invalid ISBN 1556428510 (alk. paper)
International Standard Book Number 9781617117367 (e-book)
040 ## - CATALOGING SOURCE
Original cataloging agency CaPaEBR
Language of cataloging eng
Description conventions rda
-- pn
Transcribing agency CaPaEBR
050 14 - LIBRARY OF CONGRESS CALL NUMBER
Classification number RD561
Item number .E87 2011eb
082 04 - DEWEY DECIMAL CLASSIFICATION NUMBER
Classification number 617.5/820592
Edition number 22
245 00 - TITLE STATEMENT
Title Essentials in total knee arthroplasty /
Statement of responsibility, etc edited by Javad Parvizi, Brian A. Klatt.
264 #1 - PRODUCTION, PUBLICATION, DISTRIBUTION, MANUFACTURE, AND COPYRIGHT NOTICE
Place of production, publication, distribution, manufacture Thorofare, NJ :
Name of producer, publisher, distributor, manufacturer SLACK Incorporated,
Date of production, publication, distribution, manufacture, or copyright notice [2011]
Date of production, publication, distribution, manufacture, or copyright notice �2011
300 ## - PHYSICAL DESCRIPTION
Extent 1 online resource (229 pages) :
Other physical details illustrations (some color)
336 ## - CONTENT TYPE
Content type term text
Source rdacontent
337 ## - MEDIA TYPE
Media type term computer
Source rdamedia
338 ## - CARRIER TYPE
Carrier type term online resource
Source rdacarrier
504 ## - BIBLIOGRAPHY, ETC. NOTE
Bibliography, etc Includes bibliographical references.
505 0# - FORMATTED CONTENTS NOTE
Formatted contents note Applied anatomy of the total knee arthroplasty / Sarah Lombardo, Arjun Saxena and Javad Parvizi -- Knee biomechanics and biomaterials / Nitin Goyal and William J. Hozack -- Arthritides / Bruce Hopper -- Nonsurgical alternatives/conservative management / Barry E. Kenneally and Peter C. Vitanzo Jr -- Surgical alternatives to total knee arthroplasty / Hany Bedair and David Backstein -- The history of modern total knee replacement / Jennifer K. Bow and Javad Parvizi -- Total knee arthroplasty : indications / Harvey E. Smith and Craig J. Della Valle -- Preoperative patient evaluation for total knee arthroplasty / Benjamin Bender, Ashok L. Gowda and Javad Parvizi -- Surgical approaches to total knee arthroplasty / Gregg R. Klein and Mark A. Hartzband -- Operating room set-up / Manny Porat and William J. Hozack -- Surgical principles of total knee arthroplasty / Gregory K. Deirmengian and Carl A. Deirmengian -- Avoiding and overcoming your nightmares / Michael R. Pagnotto and Brian A. Klatt -- Postoperative analgesia options for the total knee arthroplasty patient / Eric Schwenk ... [et al.] -- Controversies in total knee arthroplasty / James J. Purtill, Khalid A. Azzam -- Early failure in primary total knee arthroplasty / William Arnold -- Mechanisms of failure in total knee arthroplasty / Omar Abdul-Hadi, MD and Peter F. Sharkey -- Patella fracture following total knee arthroplasty / Alvin Ong -- Periprosthetic fracture in total knee arthroplasty / Garen D. Steele and Brian A. Klatt -- Total knee infection / Michael Williamson and Javad Parvizi -- Aseptic loosening / Zachary Post -- Complex primary total knee arthroplasty / Benjamin Bender, Luis Pulido and Javad Parvizi -- Total knee arthroplasty revision / Camilo Restrepo, Eric L. Grossman and Matthew S. Austin -- Total knee arthroplasty rehabilitation / Kristen Hines ... [et al.].
588 ## - SOURCE OF DESCRIPTION NOTE
Source of description note Description based on print version record.
590 ## - LOCAL NOTE (RLIN)
Local note Electronic reproduction. Palo Alto, Calif. : ebrary, 2013. Available via World Wide Web. Access may be limited to ebrary affiliated libraries.
650 #0 - SUBJECT ADDED ENTRY--TOPICAL TERM
Topical term or geographic name as entry element Total knee replacement.
655 #0 - INDEX TERM--GENRE/FORM
Genre/form data or focus term Electronic books.
700 1# - ADDED ENTRY--PERSONAL NAME
Personal name Parvizi, Javad.
Personal name Klatt, Brian A.
776 08 - ADDITIONAL PHYSICAL FORM ENTRY
Display text Print version:
Title Essentials in total knee arthroplasty.
Place, publisher, and date of publication Thorofare, NJ : SLACK Incorporated, [2011]
Physical description xiii, 210 pages ; 29 cm
International Standard Book Number 9781556428517
Record control number (OCoLC)ocn640072350
-- (DLC)10801897
797 2# - LOCAL ADDED ENTRY--CORPORATE NAME (RLIN)
Corporate name or jurisdiction name as entry element ebrary.
856 40 - ELECTRONIC LOCATION AND ACCESS
Uniform Resource Identifier <a href="http://site.ebrary.com/lib/rucke/Doc?id=10801897">http://site.ebrary.com/lib/rucke/Doc?id=10801897</a>
Public note An electronic book accessible through the World Wide Web; click to view

No items available.

© 2026 Rongo University
Contact us: librarian | system librarian | Rongo university